| 000 | 00755cam a22002531 4500 | ||
|---|---|---|---|
| 001 | 5961757 | ||
| 003 | OSt | ||
| 005 | 20230620082911.0 | ||
| 008 | 890803s1936 iluaf 000 0 eng | ||
| 010 | _a 37000998 | ||
| 035 | _a(OCoLC)20117899 | ||
| 040 |
_aDLC _cViFarL _dDLC |
||
| 042 | _apremarc | ||
| 050 | 0 | 0 |
_aJA70 _b.M5 |
| 082 | 0 |
_a350 _bMIT |
|
| 100 | 1 | _aMitchell, Harley W. | |
| 245 | 1 | 0 |
_aMan and his government, _cby Harley W. Mitchell. |
| 260 |
_aChicago, _bFollett publishing company _c[c1936] |
||
| 300 |
_a139, [2] p. _bincl. illus., plates. _c21 cm. |
||
| 490 | 0 | _aThe story of man - Social studies series | |
| 650 | 0 |
_aPolitical science _vJuvenile literature. |
|
| 906 |
_a7 _bcbc _coclcrpl _du _encip _f19 _gy-gencatlg |
||
| 942 |
_2ddc _cBK |
||
| 999 |
_c1458 _d1458 |
||